00494nam a2200157Ia 4500008004100000100005400041245006000095245005200155260000700207260001300214260000900227300000700236500003500243650003000278650002800308190406s9999 xx 000 0 und d aKyeon Hun Lee, David C. Mauer, & Emma Qianying Xu aHuman Capital Relatedness and Mergers and Acquisitions  cKyeon Hun Lee, David C. Mauer, Emma Qianying Xu bCL belsevier c2018 aCL aJournal of Financial Economics xHuman Capital Relatedness xMergers and Aquisitions